000 03751cam a22006734i 4500
003 PE-LiUPU
005 20250731165616.0
008 s2013 pe a rb 000 0 spa d
020 _a9786123028787
035 _a(Sirsi) i9786123028787
040 _aPE-LiUPU
_bspa
_c PE-LiUPU
_d PE-LiUPU
_erda
082 0 4 _a001.42
_bV19 2013
100 1 _aValderrama Mendoza, Santiago R.,
_eautor.
245 1 0 _aPasos para elaborar proyectos de investigación científica :
_bcuantitativa, cualitativa y mixta /
_cSantiago Valderrama Mendoza.
250 _aSegunda edición.
264 1 _aLima :
_bSan Marcos,
_c2013.
300 _a495 páginas :
_bilustraciones ;
_c24 centímetros
336 _atext
_btxt
_2rdacontent
337 _aunmediated
_bn
_2rdamedia
338 _avolume
_bnc
_2rdacarrier
504 _aIncluye bibliografía.
505 0 _aCiencia e investigación -- Algunos métodos básicos de la investigación científica -- El proyecto de investigación cuantitativa -- Investigación cualitativa -- El proyecto de investigación cualitativa -- Los métodos mixtos.
526 _aSEG44
526 _aSEG26
526 _aP151
526 _aP150
526 _aP149
526 _aP146
526 _aP145
526 _aP126
526 _aP125
526 _aP92
526 _aP75
526 _aP74
526 _aP27
526 _aP15
650 0 4 _aProyectos de investigación
_vGuías
650 0 4 _aInvestigación científica
_vGuías
910 _agl
_b
_cng
_d20131007
942 _2ddc
_cBOOK
949 _a001.42 V19
_i68506
_lCCODEBUL1
_mBUL
_tLIBRO
_o.STAFF. Colección General
949 _a001.42 V19
_i68507
_lCCODEBUL1
_mBUL
_tLIBRO
_o.STAFF. Colección General
949 _a001.42 V19
_i68508
_lCCODEBUL1
_mBUL
_tLIBRO
_o.STAFF. Colección General
949 _a001.42 V19
_i70022
_lCCODEBUL1
_mBUL
_tLIBRO
_o.STAFF. Colección General
949 _a001.42 V19 2013
_wDEWEY
_c1
_iFJ00337
_lCCODEBUJ1
_mBUJ
_p14.11
_r0
_sY
_tBOOK
_u2016-05-10
_xEDUCACION
_PP14
_0COMPRA
_o.STAFF. Colección General Juliaca
596 _a1 2 3
999 _a001.42 V19
_wDEWEY
_c55884
_i68506
_d55884
_e2016-11-14
_f2021-11-4
_g6
_lCCODEBUL1
_mBUL
_n8
_p26.00
_q1
_r0
_sY
_tBOOK
_u2015-7-6
_xBIBLIOTECA
_PP04
_0COMPRA
_o.STAFF. Colección General
999 _a001.42 V19
_wDEWEY
_c2
_i68507
_d2016-3-27
_e2016-3-27
_f2021-11-4
_g6
_lCCODEBUL1
_mBUL
_n7
_p26.00
_r0
_sY
_tBOOK
_u2015-7-6
_xBIBLIOTECA
_PP04
_0COMPRA
_o.STAFF. Colección General
999 _a001.42 V19
_wDEWEY
_c3
_i68508
_d2016-6-2
_e2016-5-30
_f2021-11-4
_g6
_lCCODEBUL1
_mBUL
_n3
_p26.00
_r0
_sY
_tBOOK
_u2015-7-6
_xBIBLIOTECA
_PP04
_0COMPRA
_o.STAFF. Colección General
999 _a001.42 V19
_wDEWEY
_c4
_i70022
_d2019-11-13
_e2017-4-24
_f2021-11-4
_g6
_lCCODEBUL1
_mBUL
_n11
_p21.00
_q3
_r0
_sY
_tBOOK
_u2015-7-24
_xBIBLIOTECA
_PP08
_0COMPRA
_o.STAFF. Colección General
999 _a001.42 V19
_wDEWEY
_c1
_iFJ00132
_d2019-11-21
_e2019-6-24
_f2021-12-27
_g4
_lCCODEBUJ1
_mBUJ
_n6
_p14.11
_q5
_r0
_sY
_tBOOK
_u2015-8-3
_xFCE
_PP08
_0COMPRA
_o.STAFF. Colección General Juliaca
999 _a001 V19 2013
_wDEWEY
_c1
_iFT02605
_d2019-11-19
_e2019-11-17
_f2019-2-20
_g2
_lCCODEBUT1
_mBUT
_n6
_p19.00
_r0
_sY
_tBOOK
_u2015-8-27
_xBIBLIOTECA
_zUNKNOWN
_0COMPRA
_o.STAFF. Colección General
999 _a001.42 V19 2013
_wDEWEY
_c1
_iFJ00337
_d2019-10-14
_e2019-10-11
_f2021-12-27
_g4
_lCCODEBUJ1
_mBUJ
_n14
_p14.11
_q10
_r0
_sY
_tBOOK
_u2016-7-27
_xEDUCACION
_PP14
_0COMPRA
_o.STAFF. Colección General Juliaca
980 _81
_gALBERTO SANCHEZ Responsable de Automatización